| 000 | 00665nam a22001937a 4500 | ||
|---|---|---|---|
| 999 |
_c15205 _d15205 |
||
| 003 | OSt | ||
| 082 | _2631.3 BIN/HU | ||
| 088 | _aP 138 | ||
| 100 |
_aBINDU SUBRAMANIAN _92765 |
||
| 245 | _aHuman engineering aspects of some selected agricultural implements | ||
| 260 |
_aTavanur 2003 _bKelappaji College of Agricultural Engineering and Technology |
||
| 300 | _a64 | ||
| 500 | _aHuman engineering aspects of some selected agricultural implements | ||
| 520 | _aHuman engineering aspects of some selected agricultural implements | ||
| 700 |
_aDilin Varkey _92766 |
||
| 700 |
_aJeena M. John _92767 |
||
| 700 |
_aDr. Geetha Susan Philip (Guide) _92223 |
||
| 942 | _cPR | ||